[Event "San Francisco Stamer Memorial"]
[Site "San Francisco"]
[Date "2005.06.04"]
[Round "2"]
[White "Salles, Antonio"]
[Black "Sawhill, Jamie"]
[Result "1-0"]
[WhiteElo "1724"]
[BlackElo "1457"]
[PlyCount "76"]
[EventDate "2005.06.04"]
[EventType "swiss"]
[EventRounds "6"]
[EventCountry "USA"]
[SourceTitle "EXT 2007"]
[Source "ChessBase"]
[SourceDate "2006.11.23"]
[SourceVersion "1"]
[SourceVersionDate "2006.11.23"]
[SourceQuality "1"]

1. d4 d5 2. c4 c6 3. Nc3 Nf6 4. Nf3 e6 5. e3 Nbd7 6. a3 Be7 7. Bd3 dxc4 8. Bxc4 b5 9. Bd3 a6 10. 0-0 c5 11. dxc5 Nxc5 12. Bc2 Bb7 13. b4 Nce4 14. Nxe4 Nxe4 15. Bb2 Bf6 16. Nd4 0-0 17. Qd3 Bxd4 18. Bxd4 Qh4 19. f3 Nf6 20. e4 Rfd8 21. Qe3 Rac8 22. Bb3 Nh5 23. Rfd1 Qf4 24. g3 Qxe3+ 25. Bxe3 Kf8 26. Bc5+ Ke8 27. a4 Rxd1+ 28. Rxd1 Nf6 29. Kf2 Nd7 30. Bd4 e5 31. Bb2 f6 32. Bf7+ Ke7 33. Bb3 Nb6 34. axb5 axb5 35. Rc1 Rxc1 36. Bxc1 Nc4 37. Ke2 Nd6 38. Kd3 f5 1-0